| 000 | 01335nac a22002891u 4500 | ||
|---|---|---|---|
| 008 | 111124s2003 nyu|||||r|||| 001 0 eng d | ||
| 010 | _a 2004274770 | ||
| 020 | _a0393324397 (pbk.) | ||
| 020 | _a9780393324396 | ||
| 035 | _a(OCoLC)ocm51938065 | ||
| 082 | 0 | 4 |
_a337 _bSTI _222 |
| 100 |
_aStiglitz, Joseph E. _927884 |
||
| 245 | 1 | 0 |
_aGlobalization And Its Discontents / _cJoseph E. Stiglitz. |
| 260 |
_aNew York : _bW.W. Norton,c2003. _cc2003. |
||
| 300 |
_axxii, 288 p. ; _c22 cm. |
||
| 500 | _a"With a new afterword"--Cover. | ||
| 504 | _aIncludes bibliographical references (p. 259-274) and index. | ||
| 505 | 0 | _aThe promise of global institutions -- Broken promises -- Freedom to choose? -- The East Asian crisis : how IMF policies brought the world to the verge of a global meltdown -- Who lost Russia? -- Unfair trade laws and other mischief -- Better roads to the market -- The IMF's other agenda -- The way ahead. | |
| 610 | 2 | 0 |
_aInternational Monetary Fund _zDeveloping countries. _927885 |
| 650 | 0 |
_aInternational economic integration. _927886 |
|
| 650 | 0 |
_aInternational finance. _927888 |
|
| 650 | 0 |
_aGlobalization _xEconomic aspects. _927889 |
|
| 651 | 0 |
_aUnited States _xCommercial policy. _927890 |
|
| 653 |
_bEco _cNovember2011 |
||
| 650 | 0 |
_927887 _aForeign trade regulation |
|
| 942 |
_cNB _k337 STI _2ddc |
||
| 999 |
_c4838 _d4838 |
||